Shahjahanabadile Vaidyan/ (Record no. 145009)

000 -LEADER
fixed length control field 00353nam a22001457a 4500
082 ## - DEWEY DECIMAL CLASSIFICATION NUMBER
Classification number M301
Item number KUM/S
100 ## - MAIN ENTRY--AUTHOR NAME
Personal name Kumaran V S
245 ## - TITLE STATEMENT
Title Shahjahanabadile Vaidyan/
Statement of responsibility, etc by Kumaran V S
260 ## - PUBLICATION, DISTRIBUTION, ETC. (IMPRINT)
Place of publication Delhi:
Name of publisher Kumaran V S,
Year of publication 1996.
300 ## - PHYSICAL DESCRIPTION
Number of Pages 99p.
650 ## - SUBJECT ADDED ENTRY--TOPICAL TERM
Topical Term Stories Malayalam
650 ## - SUBJECT ADDED ENTRY--TOPICAL TERM
Topical Term Literature Malayalam
650 ## - SUBJECT ADDED ENTRY--TOPICAL TERM
Topical Term Literature
942 ## - ADDED ENTRY ELEMENTS (KOHA)
Koha item type Book
Holdings
Withdrawn status Lost status Damaged status Not for loan Permanent Location Current Location Shelving location Date acquired Cost, normal purchase price Full call number Accession Number Price effective from Koha item type
        Sree Sankaracharya University of Sanskrit Sree Sankaracharya University of Sanskrit Stacks 06.08.2020 31.00 M301 KUM/S 099677 06.08.2020 Book